000 00364 a2200157 4500
001 47250
020 _a8526258532 (broch.)
040 _cAnchieta - Aquarius
100 _aGuedes, Hardy
240 1 0 _aA loja da dona Raposa
_lpor
245 1 0 _aA loja da dona Raposa
300 _a12]p.
362 0 _a2005
650 4 _aLiteratura infanto-juvenil
942 _cBK
999 _c47250
_d47250